书目信息 |
| 题名: |
社会主义经济理论
|
|
| 作者: | 卫兴华 , 张宇 著 | |
| 分册: | ||
| 出版信息: | 北京 高等教育出版社 2007 |
|
| 页数: | 249页 | |
| 开本: | 2cm | |
| 丛书名: | ||
| 单 册: | ||
| 中图分类: | F04 | |
| 科图分类: | ||
| 主题词: | 社会主义政治经济学--高等学校--教材 | |
| 电子资源: | ||
| ISBN: | 978-7-04-020777-4 | |
| 000 | 00931nam0 2200265 450 | |
| 000 | 00937nam0 2200265 450 | |
| 000 | 00871nam0 2200241 450 | |
| 000 | 00835nam0 2200229 45 | |
| 005 | 20070526151115.65 | |
| 010 | @a978-7-04-020777-4@dCNY24.00 | |
| 100 | @a20070405d2007 em y0chiy0120 ea | |
| 101 | 0 | @achi |
| 102 | @aCN@b110000 | |
| 105 | @ay z 000yy | |
| 200 | 1 | @a社会主义经济理论@AShe Hui Zhu Yi Jing Ji Li Lun@f卫兴华,张宇著@FWei Xing Hua, Zhang Yu Zhu |
| 210 | @a北京@c高等教育出版社@d2007 | |
| 215 | @a249页@c图@d2cm | |
| 330 | @a本书以马克思主义为指导,对中国特色的社会主义经济的新的发展以及当前中国经济改革与经济发展的现实作出了理论上的阐述和说明。 | |
| 510 | 1 | @aThe Economic Theory of Socialism@zeng |
| 606 | 0 | @a社会主义政治经济学@x高等学校@j教材 |
| 690 | @aF04@v4 | |
| 701 | 0 | @a卫兴华@AWei Xing Hua@4著 |
| 701 | 0 | @a张宇@AZhang Yu@4著 |
| 801 | 0 | @aCN@bTAOJIN@c20070526 |
| 905 | @a10447@dF04@e107 | |
| 社会主义经济理论/卫兴华,张宇著.-北京:高等教育出版社,2007 |
| 249页:图;2cm |
| ISBN 978-7-04-020777-4:CNY24.00 |
| 本书以马克思主义为指导,对中国特色的社会主义经济的新的发展以及当前中国经济改革与经济发展的现实作出了理论上的阐述和说明。 |
| ● |
| 相关链接 |
|
|
|
|
正题名:社会主义经济理论
索取号:F04/107
 
预约/预借
| 序号 | 登录号 | 条形码 | 馆藏地/架位号 | 状态 | 备注 |
| 1 | 0521363 | 205213632 | 第一样本阅览室/ [索取号:F04/107] | 在馆 | |
| 2 | 0521364 | 205213641 | 第一借阅区/ [索取号:F04/107] | 在馆 | |
| 3 | 0521365 | 205213650 | 第一借阅区/ [索取号:F04/107] | 在馆 | |
| 4 | 0521366 | 205213669 | 第一借阅区/ [索取号:F04/107] | 在馆 | |
| 5 | 0521367 | 205213678 | 第一借阅区/ [索取号:F04/107] | 在馆 | |
| 6 | 0521368 | 205213687 | 第一借阅区/ [索取号:F04/107] | 在馆 |